| 000 | 00864nam a22002537a 4500 | ||
|---|---|---|---|
| 005 | 20150902112759.0 | ||
| 010 | _aENG-113435 | ||
| 020 |
_a0199460930 _c275.00 |
||
| 020 |
_a9780199460939 _c275.00 |
||
| 035 | _aEN-96967 | ||
| 037 | _bDBAD/PUB | ||
| 082 | _a160 | ||
| 100 | _aMatilal, Bimal Krishna | ||
| 245 |
_aEpistemology, logic, and grammar in Indian philosophical analysis / _cby Bimal Krishna Matilal ; edited by Jonardon Ganeri |
||
| 260 |
_aNew Delhi _bOxford University Press _c2015 |
||
| 270 |
_aYMCA Library building, 1 Jai Singh Road _bNew Delhi _e110001 |
||
| 300 |
_axvi,139p. _c22cm(pbk) |
||
| 500 | _aIncludes bibliographical references | ||
| 650 | _aKnowledge, Theory of (Hinduism) | ||
| 650 | _aHindu philosophy. | ||
| 650 | _aSemantics (Philosophy) | ||
| 700 | _aGaneri, Jonardon | ||
| 942 |
_2ddc _cEN _mMAT _h160 |
||
| 999 |
_c94824 _d94824 |
||